Т. 1, вып. 4: Лаборатория электронной химии органических соединений; Труды Сибирского физико-технического института

מידע ביבליוגרפי
Parent link:Труды Сибирского физико-технического института/ Томский государственный университет (ТГУ), Сибирский физико-технический институт им. В. Д. Кузнецова (СФТИ). Т. 1, вып. 4: Лаборатория электронной химии органических соединений.— , 1932-1974
מחברים אחרים: Кузнецов В. Д. Владимир Дмитриевич (редактор)
שפה:רוסית
יצא לאור: 1932
נושאים:
פורמט: ספר
KOHA link:https://koha.lib.tpu.ru/cgi-bin/koha/opac-detail.pl?biblionumber=204030

MARC

LEADER 00000nam2a2200000 4500
001 204030
005 20241210090405.0
035 |a (RuTPU)RU\TPU\book\222361 
035 |a RU\TPU\book\222354 
090 |a 204030 
100 |a 20111118d1932 k y0rusy50 ca 
101 0 |a rus 
102 |a RU 
181 0 |a i   |b  e  
182 0 |a n 
183 0 |a nc  |2 RDAcarrier 
200 0 |a Т. 1, вып. 4: Лаборатория электронной химии органических соединений  |f под ред. В. Д. Кузнецова 
210 |d 1932 
215 |a 18 с.  |c ил. 
283 |a volume  |2 RDAcarrier 
320 |a Библиогр. в тексте 
461 1 |0 (RuTPU)RU\TPU\book\65965  |t Труды Сибирского физико-технического института  |f Томский государственный университет (ТГУ), Сибирский физико-технический институт им. В. Д. Кузнецова (СФТИ)  |v Т. 1, вып. 4: Лаборатория электронной химии органических соединений  |d 1932-1974 
610 1 |a электронная химия 
610 1 |a органические соединения 
610 1 |a алюминийорганические соединения 
610 1 |a углеводородные смеси 
610 1 |a нитрирование 
610 1 |a минеральные кислоты 
610 1 |a катализаторы 
675 |a 539  |v 3 
702 1 |a Кузнецов  |b В. Д.  |c русский физик  |c профессор, академик АН СССР  |c преподавал в ТТИ и на Сибирских высших женских курсах  |c с 1917 преподавал в ТГУ, директор СФТИ (1929-1933, 1937-1960)  |f 1887-1963  |g Владимир Дмитриевич  |3 (RuTPU)RU\TPU\pers\18076  |4 340 
801 1 |a RU  |b 63413507  |c 20040406  |g PSBO 
801 2 |a RU  |b 63413507  |c 20111206  |g PSBO 
942 |c CR